Máximos goleadores de la Premier League 2010-2011 - Estadísticas

Estadísticas generales
  • Esta prueba ha sido intentada 79 veces
  • La puntuación promedio es 5 de 11
Estadísticas de respuestas
Goles Nacionalidad Equipo Jugador % Correcto
20 Bulgaria Manchester United Dimitar Berbatov
91%
18 Países Bajos Arsenal Robin van Persie
86%
13 México Manchester United Javier Hernández
85%
20 Argentina Manchester City Carlos Tévez
82%
13 Países Bajos Liverpool Dirk Kuyt
57%
13 Francia Chelsea Florent Malouda
30%
13 Inglaterra Newcastle United / Liverpool Andrew Carroll
28%
13 Países Bajos Tottenham Hotspur Rafael van der Vaart
27%
17 Inglaterra Sunderland / Aston Villa Darren Bent
11%
15 Nigeria West Bromwich Peter Odemwingie
3%
13 Inglaterra Blackpool DJ Campbell
1%
No se encontraron pruebas coincidentes
Distribución de puntuación
Porcentaje de gente con cada puntuación
Porcentaje por número respondido
Historial de tus puntuaciones
No has intentado esta prueba.